MDQL
is popping MORE tags! Check the
thread
!
Quizzes
Events
Quiz Creation
Community
Videos
Private Events
Remove Ads
Sign In
Join for FREE
Feedback
Dark Mode
Quiz Categories
Sports
Geography
Music
Movies
Television
Just For Fun
Miscellaneous
History
Literature
Language
Science
Gaming
Entertainment
Religion
Holiday
For Kids
Quiz Lab
Recent
Popular Today
Quiz Kudos Today
Editor Picks
Curator Picks
Quizzes by...
Day
Popularity
Type
Ratings
Length
Year
Community
Subscriptions
Recent Discussions
Orange Saloon
Badges
Playlists
Quests
Create
Leaderboards
Showdown
Live 5
Trivia Bingo
Activity
Puzzle Library
Sporcle Events
Private Events
Virtual Trivia
Globe League
Become a Host
Pub Owners
SporcleCon
Opinionation
Our Games
Videos
Blog
Mobile Apps
Partnerships
Remove Ads and Go Orange
Feedback
Entertainment
Celebrity
Famous
Musical
Broadway
Show
Quote
Comic Books
Anime
Superhero
DC Comics
Marvel
Cartoons
Animation
Entertainment
Celebrity
Famous
Musical
Broadway
Show
Quote
Comic Books
Anime
Superhero
DC Comics
Marvel
Cartoons
Animation
Random Quiz
Search Sporcle
×
Quiz Lab
Quiz Lab
Entertainment
2008
Type in answers that appear in a list
Type in answers that appear in a list
Classic
Best Score? Go Orange.
Top 2008 Google Searches Stats
Can you name the top Google searches from 2008?
By
spottedcow
12m
80 Questions
336 Plays
336 Plays
336 Plays
Comments
Comments
Give Quiz Kudos
Give Quiz Kudos
-
- Ratings
hide this ad
Replay
Link that replays current quiz
Next Quiz
Link to next quiz in quiz playlist
You Got
0%
They Got
Avg Score
8%
Avg Friend Score
Upgrade to see
Score Distribution
Jump to the score distribution portion of the page
Score
0/80
Timer
12:00
0
Plays Today
Category
Answer
% Correct
TV Shows
Lost
43.5%
Overall
Obama
38.4%
Movies
The Dark Knight
34.2%
Sports
Baseball
30.7%
Sports
Soccer
27.4%
Deaths
Heath Ledger
26.2%
TV Shows
American Idol
24.7%
Sports
Basketball
24.4%
TV Shows
The Office
21.1%
Overall
Palin
17%
Economic Terms
Depression
16.4%
Movies
Iron Man
15.8%
Movies
Twilight
15.5%
Movies
Harry Potter
15.5%
Sports
Tennis
13.7%
TV Shows
Heroes
13.1%
TV Shows
CSI
13.1%
TV Shows
Family Guy
12.2%
Overall
Facebook
12.2%
Music
Hannah Montana
11.9%
Music
Madonna
11.9%
Economic Terms
Bailout
10.4%
Music
The Jonas Brothers
9.8%
Economic Terms
Stock Market
9.5%
Sports
Swimming
9.2%
Movies
Star Wars
8.3%
Foods
Fried Chicken
8%
TV Shows
Saturday Night Live
7.4%
Deaths
Paul Newman
6.8%
Foods
Macaroni and Cheese
6.8%
TV Shows
One Tree Hill
6.5%
Foods
Ice Cream
6.3%
Movies
Spiderman
6.3%
Music
Lil Wayne
6.3%
Economic Terms
Financial Crisis
6%
Economic Terms
Credit Crisis
6%
Movies
Indiana Jones
6%
Economic Terms
Housing Crisis
5.7%
Overall
Beijing 2008
5.7%
Economic Terms
Mortgage Crisis
5.4%
Category
Answer
% Correct
Overall
Fox News
5.4%
Economic Terms
Wall Street
5.1%
Deaths
Bernie Mac
4.8%
TV Shows
Oprah
4.8%
Sports
Volleyball
4.8%
Foods
Spaghetti
4.5%
Foods
Chicken Soup
4.5%
Overall
David Cook
4.5%
Foods
Apple Pie
4.2%
Overall
Youtube
4.2%
Music
Carrie Underwood
4.2%
Sports
Gymnastics
4.2%
Foods
Pot Pie
3.9%
TV Shows
Big Brother
3.9%
Economic Terms
Subprime
3.6%
Music
Coldplay
3.3%
Foods
Potato Salad
3%
Overall
AT&T
3%
Movies
Hulk
2.7%
Music
Radiohead
2.1%
Overall
iPhone
1.8%
Sports
Boxing
1.8%
Sports
Equestrian
1.5%
Movies
Terminator
1.2%
Economic Terms
Oil
0.9%
Deaths
George Carlin
0.9%
Movies
Superman
0.9%
Music
Kenny Chesney
0.9%
Music
The Eagles
0.9%
Deaths
Brad Renfro
0.6%
Music
Rascal Flatts
0.6%
Deaths
Tim Russert
0.3%
Deaths
Issac Hayes
0.3%
Foods
Meatloaf
0.3%
Deaths
Randy Pausch
0%
Deaths
Boyd Coddington
0%
Deaths
Michael Crichton
0%
Foods
Chili
0%
Overall
Surf the Channel
0%
Sports
BMX
0%
Quiz Playlist
Details
Report
Send in Message
Add To Playlist
Classic:
Type in answers that appear in a list
Quiz Source
Last Updated: Feb 16, 2017
Quiz Scoreboard
CHALLENGE
Sign Up to Join the Scoreboard
Show All
Scores
Hide
Comments
May contain spoilers
Recently Published
Colored Red Africa Blitz
by spor1
Geography
30s
Find the 'City' Movie
by crazypaving
Movies
60s
5x2 Blitz: Bands
by SL_Kpop136
Music
30s
More to Explore
Quiz From the Vault
Featured Blog Post
14 Easter Pick-up Lines to Find Eggs With
hide this ad
You Might Also Like...
Tags
2008
Category
google
search
Today's Top Quizzes in Entertainment
Browse Entertainment
hide this ad
Today's Top Quizzes in 2008
Browse 2008
Top Contributed Quizzes in Entertainment
1
Dragon Ball Z: Goku's Fights in Order
2
Marvel Classic Character Map
3
Marvel Characters Bunker
4
JoJo's Bizarre Logic Quiz
5
This is Your Life: Edward Elric
6
BOYS PLANET Quiz
7
Celebrity Spelling Bee
8
This is Your Life: Itachi Uchiha
9
One Piece Heroines Chapter Cover
10
Survivor Winners Logic Quiz
Explore More
Trending Topics
Anime
NBA
Disney
Crossword
Marvel
Harry Potter
Kpop
Song
Country
WWE
Pokémon
Puzzle
The Office
Soccer
NFL
hide this ad
More By:
spottedcow
Quiz
Plays
Rating
Category
Featured
Created
Baseball Playoff Logic Puzzle
3,586
3.42
Sports
Jul 10, 2013
Top 2008 Google Searches
336
3.67
Entertainment
Oct 30, 2009
Go to Creator's Profile
Score Distribution
Quiz Creator Spotlight
spottedcow
Follow
Send a Message
Quizzes Created
-
Created Quiz Play Count
-
More By This Creator
Popular Quizzes Today
1
Colored Red Africa Blitz
2
Find the US States - No Outlines Minefield
3
Find the 'City' Movie
4
5x2 Blitz: Bands
5
The Countries of the World
6
Find the US States
7
Find the Countries of Europe - No Outlines Minefield
8
US States
More Entertainment Quizzes
Cartoons by Russian Doll
Published
Trending Quizzes
Colored Red Europe Blitz I
Colored Red Europe Blitz II
Colored Red Africa Blitz II
Colored Red Europe Blitz III
Colored Red Africa Blitz III
Recently Updated
How Do You Spell That?
pecheneg
Godzilla Movies
pecheneg
Grab Bag: 4-10 Letters
pecheneg
2024 March Madness Bracket
pecheneg
Famous TV Couples
Peacemaker
Champions League XIs: Real Madrid
pecheneg
Largest US Cities 1790-2010
pecheneg
Rides in Walt Disney World
pecheneg
Most Oscar Losses (Acting)
pecheneg
Beyoncé Albums
pecheneg
Trending Topics
Harry Potter
Marvel
NBA
Anime
Kpop
Crossword
Disney
NFL
The Office
Puzzle
Pokémon
Soccer
WWE
Song
Country
Your Account Isn't Verified!
In order to create a playlist on Sporcle, you need to verify the email address you used during registration. Go to your
Sporcle Settings
to finish the process.
Report this User
Report this user for behavior that violates our
Community Guidelines
.
Details:
Send Report
Go to the Sporcle.com Mobile Site →
Comments